| 000 | 01211nam a2200313 a 4500 | ||
|---|---|---|---|
| 001 | 000048023 | ||
| 003 | OSt | ||
| 005 | 20250115124320.0 | ||
| 008 | 181101s2017 dr 000 f spa d | ||
| 020 | _a9789945503197 | ||
| 040 |
_aDO-SdBNP _bspa _cDO-SdBNP |
||
| 082 |
_aRD863.4 _bC422s, 2017 |
||
| 100 | 1 |
_aCestero, Tulio M., _q(Tulio Manuel), _d1877-1955 _91698 |
|
| 245 | 1 | 3 |
_aLa sangre : _b(una vida bajo la tiranía) / _cTulio M. Cestero ; prologo, de León David. |
| 260 |
_aSanto Domingo : _bMinisterio de Cultura de la República Dominicana, _c2017. |
||
| 300 |
_axxvii, 228 p. ; _c19 cm. |
||
| 490 |
_aBiblioteca Dominicana Básica ; _aNarrativa _v5 |
||
| 500 | _aIncluye datos biográficos del autor en las solapas. | ||
| 500 | _aIncluye referencias bibliográficas y notas al pie de las páginas. | ||
| 590 | _aInventariado, 2018/LP | ||
| 650 | 0 |
_aNovela histórica dominicana. _9860 |
|
| 650 | 0 |
_aLiteratura dominicana. _967 |
|
| 700 | 1 |
_aLeón David _epról. _984930 |
|
| 710 | 1 |
_aRepública Dominicana. _bMinisterio de Cultura _971794 |
|
| 830 |
_aBiblioteca Dominicana Básica _pNarratica _n5 _975524 |
||
| 910 | _aValidado. Control de calidad MFF | ||
| 942 |
_2ddc _cLBS1 |
||
| 956 | _aVMateo | ||
| 999 |
_c47511 _d47511 |
||